000 00652nam a22001937a 4500
003 OSt
005 20251105051900.0
008 251105b |||||||| |||| 00| 0 eng d
020 _a978-621-427-047-7
040 _aDWCL-Main lib
_cOC
082 _aFil. 174.4 S484e 2019
100 _aSergote, Jessie
245 _aEssential of business ethics/
_cJessie Sergote
260 _aManila, Philippines :
_bUnlimited books services & publishing ,
_cc2019
300 _a x, 196 pages : illustrations ; 23cm.
_billustrations ;
_c23cm.
504 _aIncludes bibliographical references
650 _a1. Business Ethics
942 _2ddc
_cBK - FIL
_kFil.
_n0
999 _c5481
_d5481